| 000 | 00508nam a22001937a 4500 | ||
|---|---|---|---|
| 003 | OSt | ||
| 005 | 20140310182347.0 | ||
| 008 | 130927t xxu||||| |||| 00| 0 eng d | ||
| 050 |
_aNK 1160 _b.Or69o1 |
||
| 082 |
_aNK 1160 _b.OR69 |
||
| 245 | _aOrigami 1 / | ||
| 260 |
_aTokyo : _bFroebel-kan Co. Ltd., |
||
| 300 |
_a13 p. : _bcol. ill., _c20 cm. |
||
| 440 |
_aFun with Paper Folding _921998 |
||
| 541 | _j1 | ||
| 562 | _e1 | ||
| 650 |
_aReading _xStudy and Teaching _921999 |
||
| 942 |
_2lcc _cBK-GS |
||
| 999 |
_c12252 _d12252 |
||